| 000 | 00640nam a22002410a 4500 | ||
|---|---|---|---|
| 001 | PT51474 | ||
| 003 | AR-LpoUNG | ||
| 005 | 20210131231419.0 | ||
| 008 | 191001s1967||||ve |||||||||||||||||spa d | ||
| 040 |
_aAR-LpoUNG _bspa _cAR-LpoUNG _eaacr |
||
| 041 | _aspa | ||
| 044 | _ave | ||
| 082 | 0 | _a510 216ele | |
| 100 | 1 | _aGarcía Bacca, Juan David | |
| 245 | 1 | 0 | _aElementos de filosofía de las ciencias |
| 250 | _a1§ ed. | ||
| 260 |
_aCaracas : _bUniversidad Central de Venezuela, _c1967. |
||
| 300 |
_a181 p. : _bil., fot. |
||
| 650 | 4 | _aFILOSOFIA | |
| 651 | 4 | _aDOCUMENTOS TEORICOS O METODOLOGICOS | |
| 905 | _a51474 | ||
| 942 | _cLIB | ||
| 999 |
_c9889 _d9889 |
||